States of the Kievan Rus' in 1230 with a Map - Statistics

General Stats
  • This quiz has been taken 2,285 times
  • The average score is 11 of 51
Answers on the Map
Answers color-coded by a green-red scale on the quiz's map according to % correct below.
 
Answer Stats
Principality % Correct
Kiev
93%
Novgorod
84%
Novgorod-Seversk
84%
Moscow
82%
Minsk
61%
Smolensk
55%
Vladimir-Suzdal
51%
Pskov
48%
Galicia-Volhynia
46%
Ryazan
45%
Rostov
38%
Chernigov
35%
Yaroslavl
34%
Brest
33%
Kursk
29%
Polotsk
28%
Vitebsk
23%
Pinsk
22%
Grodno
21%
Murom
15%
Pereyaslavl
15%
Turov
15%
Lutsk
12%
Rivne
11%
Belz
7%
Rzhev
6%
Pronsk
5%
Slutsk
5%
Toropets
5%
Uglich
5%
Vyazma
5%
Chervyen
4%
Drutsk
4%
Kozelsk
4%
Putyvl
4%
Rylsk
4%
Starodub
4%
Dorogobuzh
3%
Trubchevsk
3%
Yuryev
3%
Dubrovytsia
2%
Fominsk
2%
Kremenets
2%
Lotsk
2%
Lukoml
2%
Peresopnytsia
2%
Shumsk
2%
Snovsk
2%
Stepan
2%
Vshchizh
2%
Plyashivka
1%
No matching quizzes found
Score Distribution
Percent of People with Each Score
Percentile by Number Answered
Your Score History
You have not taken this quiz